[Event "chess.com Junior Speed"]
[Site "chess.com INT"]
[Date "2019.05.16"]
[Round "1.1"]
[White "Van Foreest, Jorden"]
[Black "Tari, Aryan"]
[Result "1-0"]
[WhiteTitle "GM"]
[BlackTitle "GM"]
[WhiteElo "2601"]
[BlackElo "2618"]
[WhiteFideId "1039784"]
[BlackFideId "1510045"]
[EventDate "2019.05.16"]

1. e4 c6 2. Nf3 d5 3. d3 g6 4. e5 c5 5. c3 Nc6 6. d4 Bg4 7. dxc5 Bxf3 8. Qxf3
Nxe5 9. Bb5+ Nc6 10. c4 Nf6 11. Nc3 dxc4 12. Bxc6+ bxc6 13. Qxc6+ Nd7 14. Be3
Bg7 15. Rd1 Qc8 16. Qa4 Bxc3+ 17. bxc3 Qc7 18. O-O Rc8 19. Rd2 Qc6 20. Qxc6 Rxc6
21. Rfd1 1-0

[Event "chess.com Junior Speed"]
[Site "chess.com INT"]
[Date "2019.05.16"]
[Round "1.2"]
[White "Tari, Aryan"]
[Black "Van Foreest, Jorden"]
[Result "1/2-1/2"]
[WhiteTitle "GM"]
[BlackTitle "GM"]
[WhiteElo "2618"]
[BlackElo "2601"]
[WhiteFideId "1510045"]
[BlackFideId "1039784"]
[EventDate "2019.05.16"]

1. e4 e5 2. Nf3 Nc6 3. Bb5 Nf6 4. d3 Bc5 5. c3 O-O 6. Bxc6 bxc6 7. Nxe5 d5 8. d4
Bb6 9. O-O Nxe4 10. Nd2 Nxd2 11. Bxd2 c5 12. Be3 Re8 13. Re1 cxd4 14. cxd4 Bf5
15. Qf3 Bg6 16. Rac1 f6 17. Nxg6 hxg6 18. Re2 Re4 19. Rec2 Qd7 20. h3 Rae8 21.
Rc6 Qf5 22. Qxf5 gxf5 23. g3 Rxe3 24. fxe3 Rxe3 25. R1c3 Re4 26. Kf1 Rxd4 27.
Rf3 Rd2 28. Rxf5 Rxb2 29. Rxd5 Rxa2 30. Rd7 Rf2+ 31. Ke1 Rf3 32. g4 Rxh3 33. g5
fxg5 34. Rg6 Rh7 35. Rxg5 Kf8 36. Rf5+ Ke8 37. Rff7 Rh1+ 38. Ke2 Rg1 39. Rxg7
Rxg7 40. Rxg7 Kd8 1/2-1/2

[Event "chess.com Junior Speed"]
[Site "chess.com INT"]
[Date "2019.05.16"]
[Round "1.3"]
[White "Van Foreest, Jorden"]
[Black "Tari, Aryan"]
[Result "0-1"]
[WhiteTitle "GM"]
[BlackTitle "GM"]
[WhiteElo "2601"]
[BlackElo "2618"]
[WhiteFideId "1039784"]
[BlackFideId "1510045"]
[EventDate "2019.05.16"]

1. e4 c6 2. Nf3 d5 3. d3 dxe4 4. dxe4 Qxd1+ 5. Kxd1 Bg4 6. Nd2 Nd7 7. a4 e5 8.
h3 Bh5 9. Be2 Bc5 10. Ne1 Bxe2+ 11. Kxe2 Ngf6 12. Nd3 Bd6 13. b3 O-O-O 14. Bb2
Rhe8 15. Rad1 Nf8 16. g3 Bc7 17. h4 Ne6 18. Kf3 Nd4+ 19. Bxd4 Rxd4 20. Rhe1 h5
21. Nc4 Ng4 22. c3 Rdd8 23. Ne3 Nxe3 24. Kxe3 a5 25. Nb2 g6 26. Ke2 f5 27. f3
Rxd1 28. Rxd1 Rd8 29. Rxd8+ Kxd8 30. Nc4 Ke7 31. Ne3 f4 32. gxf4 exf4 33. Nc4
Ke6 34. Kf2 Bd8 35. Kg2 b5 36. axb5 cxb5 37. Na3 b4 38. cxb4 axb4 39. Nc2 Be7
40. Kh3 Ke5 41. Kg2 Bc5 42. Kh3 Be7 43. Kh2 Kd6 44. Ne1 Kc5 45. Nd3+ Kd4 46.
Nxf4 Bd6 0-1

[Event "chess.com Junior Speed"]
[Site "chess.com INT"]
[Date "2019.05.16"]
[Round "1.4"]
[White "Tari, Aryan"]
[Black "Van Foreest, Jorden"]
[Result "1/2-1/2"]
[WhiteTitle "GM"]
[BlackTitle "GM"]
[WhiteElo "2618"]
[BlackElo "2601"]
[WhiteFideId "1510045"]
[BlackFideId "1039784"]
[EventDate "2019.05.16"]

1. e4 c5 2. Nf3 d6 3. Bb5+ Bd7 4. c4 Nf6 5. Nc3 g6 6. d4 cxd4 7. Nxd4 Bg7 8. f3
O-O 9. Be3 a6 10. Bxd7 Nbxd7 11. b3 Rc8 12. Rc1 e6 13. O-O Re8 14. Nde2 Qc7 15.
Qd2 Red8 16. Rfd1 Ne8 17. Qe1 b6 18. Qf2 Qb7 19. a4 Nc5 20. Rb1 Nd7 21. Bg5 Bf6
22. Bxf6 Ndxf6 23. Rd3 Nd7 24. Nd4 Qc7 25. Kh1 Qc5 26. Qd2 Qc7 27. Qe3 Nef6 28.
Nde2 Ne8 29. Rd2 Qc5 30. Qf4 Qc7 31. Qe3 Qc5 32. Qf4 Qc7 33. Qe3 1/2-1/2

[Event "chess.com Junior Speed"]
[Site "chess.com INT"]
[Date "2019.05.16"]
[Round "1.5"]
[White "Van Foreest, Jorden"]
[Black "Tari, Aryan"]
[Result "1/2-1/2"]
[WhiteTitle "GM"]
[BlackTitle "GM"]
[WhiteElo "2601"]
[BlackElo "2618"]
[WhiteFideId "1039784"]
[BlackFideId "1510045"]
[EventDate "2019.05.16"]

1. e4 c6 2. Nf3 d5 3. d3 dxe4 4. dxe4 Qxd1+ 5. Kxd1 Bg4 6. Be2 Nd7 7. Nd4 Bxe2+
8. Kxe2 e5 9. Nb3 a5 10. a4 Nc5 11. N1d2 Nf6 12. f3 Nfd7 13. Nxc5 Bxc5 14. Nc4
Ke7 15. Bd2 b6 16. Rhd1 Ke6 17. Be3 Rhd8 18. Bxc5 Nxc5 19. Rxd8 Rxd8 20. Nxb6 g6
21. Nc4 Nb7 22. Ra3 Rd4 23. Rc3 f5 24. exf5+ gxf5 25. b3 Rd5 26. Nb2 c5 27. Rd3
Rd4 28. Nc4 Kd5 29. Re3 e4 30. c3 f4 31. Rxe4 Rxe4+ 32. fxe4+ Kxe4 33. Nd2+ Kd5
34. Kf3 Nd6 35. Kxf4 c4 36. g4 cxb3 37. Nxb3 Nb7 38. Nd2 Nc5 39. Kg5 Nxa4 40.
Nb3 Nxc3 41. Nxa5 Ne4+ 42. Kh6 Nf2 43. g5 Ng4+ 44. Kxh7 Nxh2 45. g6 Ng4 46. g7
Nf6+ 47. Kg6 Ke6 48. Nc6 Ng8 49. Nd4+ Ke7 50. Nf5+ Ke8 51. Nh6 Ne7+ 52. Kf6 Nd5+
53. Ke5 Ne7 54. Ke6 Kd8 55. Kf7 Kd7 56. Ng4 Kd6 57. Ne3 Kd7 58. Nc4 Nf5 59. Ne5+
Kc7 60. g8=N Nh6+ 61. Nxh6 1/2-1/2

[Event "chess.com Junior Speed"]
[Site "chess.com INT"]
[Date "2019.05.16"]
[Round "1.6"]
[White "Tari, Aryan"]
[Black "Van Foreest, Jorden"]
[Result "1/2-1/2"]
[WhiteTitle "GM"]
[BlackTitle "GM"]
[WhiteElo "2618"]
[BlackElo "2601"]
[WhiteFideId "1510045"]
[BlackFideId "1039784"]
[EventDate "2019.05.16"]

1. e4 e5 2. Nf3 Nc6 3. Bb5 g6 4. c3 a6 5. Ba4 Bg7 6. d4 exd4 7. cxd4 b5 8. Bb3
d6 9. h3 Nf6 10. O-O O-O 11. Re1 Bb7 12. Nbd2 Nb4 13. Re3 c5 14. a3 Nc6 15. d5
Nd4 16. Nxd4 cxd4 17. Re1 Re8 18. Bc2 Rc8 19. Bd3 Nd7 20. Nf3 Nc5 21. Bf4 h6 22.
Bh2 Rc7 23. Rc1 Rce7 24. Qc2 Qd7 25. Bf4 Rc8 26. Qb1 Rce8 27. Qc2 Kh8 28. b4
Nxd3 29. Qxd3 f5 30. exf5 Rxe1+ 31. Rxe1 Rxe1+ 32. Nxe1 Qxf5 33. Qxf5 gxf5 34.
Bxd6 Bxd5 35. f3 Bc4 36. Kf2 Kg8 37. g4 Kf7 38. Bf4 Ke6 39. Bd2 Kd5 40. Ng2 fxg4
41. Nf4+ Kd6 42. hxg4 Bf7 43. Ke2 Ke5 44. Kf2 Bf8 45. Nd3+ Kd5 46. Nc5 Kc4 47.
Nd7 Bg7 48. f4 Kd3 49. Ke1 Kc2 50. f5 Be8 51. Nc5 Bc6 52. Ne6 Bf6 53. Bxh6 d3
54. Be3 Bc3+ 55. Kf2 d2 56. Bxd2 Kxd2 57. g5 Be4 58. f6 Bg6 59. Nf4 Be8 60. g6
Bxf6 61. Nd5 Bd4+ 62. Kf3 Bxg6 63. Nc7 Be4+ 64. Kxe4 Bb2 65. Nxa6 Bxa3 66. Kd5
Kc3 67. Kc5 Bxb4+ 68. Nxb4 Kb3 69. Kxb5 1/2-1/2

[Event "chess.com Junior Speed"]
[Site "chess.com INT"]
[Date "2019.05.16"]
[Round "1.7"]
[White "Van Foreest, Jorden"]
[Black "Tari, Aryan"]
[Result "1-0"]
[WhiteTitle "GM"]
[BlackTitle "GM"]
[WhiteElo "2601"]
[BlackElo "2618"]
[WhiteFideId "1039784"]
[BlackFideId "1510045"]
[EventDate "2019.05.16"]

1. e4 e5 2. Nf3 Nc6 3. Bc4 Nf6 4. d3 Bc5 5. c3 a6 6. O-O Ba7 7. Re1 d6 8. Nbd2
O-O 9. Nf1 Na5 10. Bb3 Nxb3 11. axb3 h6 12. h3 Re8 13. Ng3 c6 14. Bd2 Be6 15. b4
Bb6 16. d4 Bc7 17. Ra3 exd4 18. cxd4 d5 19. e5 Nd7 20. Qc1 Kh7 21. Nh5 Bf5 22.
Nxg7 Kxg7 23. Bxh6+ Kg8 24. Nh2 Re6 25. Rg3+ Rg6 26. Qf4 Be6 27. h4 Kh7 28. Bg5
f6 29. Bxf6 Qxf6 30. exf6 Bxf4 31. Rxg6 Kxg6 32. Rxe6 Kf5 33. Re7 Nxf6 34. g3
Bd6 35. Rxb7 Rb8 36. Ra7 Rb6 37. Nf3 Bxb4 38. Kg2 Bd6 39. Rf7 Rxb2 40. h5 Rb8
41. g4+ Kxg4 42. Rxf6 Bf4 43. h6 Rh8 44. Ne5+ Kg5 45. Rxf4 Kxf4 46. Ng6+ Kg5 47.
Nxh8 Kxh6 48. Nf7+ Kg7 49. Ne5 a5 50. Nxc6 a4 51. Nb4 a3 52. Kf3 Kf6 53. Kf4 Ke6
54. Kg5 1-0

[Event "chess.com Junior Speed"]
[Site "chess.com INT"]
[Date "2019.05.16"]
[Round "1.8"]
[White "Tari, Aryan"]
[Black "Van Foreest, Jorden"]
[Result "0-1"]
[WhiteTitle "GM"]
[BlackTitle "GM"]
[WhiteElo "2618"]
[BlackElo "2601"]
[WhiteFideId "1510045"]
[BlackFideId "1039784"]
[EventDate "2019.05.16"]

1. c4 e5 2. Nc3 Nf6 3. Nf3 Nc6 4. e3 Bb4 5. Qc2 d6 6. Ne2 a5 7. a3 Bc5 8. b3 O-O
9. Ng3 Re8 10. Bb2 h6 11. d3 Ba7 12. Be2 Ne7 13. O-O Ng6 14. Bc3 c6 15. b4 Bb6
16. Ne4 Bc7 17. Bb2 Be6 18. Nfd2 Rc8 19. Bc3 d5 20. Nc5 b6 21. Nxe6 Rxe6 22.
bxa5 bxa5 23. Nb3 e4 24. g3 exd3 25. Bxd3 Ne4 26. Nd4 Re8 27. Bxe4 dxe4 28. Nxc6
Qd7 29. Nd4 Qh3 30. f4 exf3 31. Rxf3 Ne5 32. Rff1 Nxc4 33. Qf5 Qxf5 34. Nxf5
Nxe3 35. Nxg7 Re4 36. Rf3 Bb6 37. Nh5 Rxc3 38. Nf6+ Kg7 39. Nxe4 Nc2+ 40. Rf2
Rxa3 41. Rb1 Ra1 42. Rxa1 Nxa1 43. Nc3 Nb3 44. Kg2 Bxf2 45. Kxf2 Kf6 46. Ke3 Kf5
47. h3 Ke5 48. g4 Nc5 49. h4 a4 50. Nb5 Ne4 51. Na3 Nf6 52. Kf3 Nd5 53. h5 f6
54. Nb5 f5 55. gxf5 Kxf5 56. Nd6+ Ke6 57. Nc4 Kf5 58. Nd6+ Kg5 59. Ke4 a3 60.
Kxd5 a2 61. Ne4+ Kh4 0-1

[Event "chess.com Junior Speed"]
[Site "chess.com INT"]
[Date "2019.05.16"]
[Round "1.9"]
[White "Van Foreest, Jorden"]
[Black "Tari, Aryan"]
[Result "1-0"]
[WhiteTitle "GM"]
[BlackTitle "GM"]
[WhiteElo "2601"]
[BlackElo "2618"]
[WhiteFideId "1039784"]
[BlackFideId "1510045"]
[EventDate "2019.05.16"]

1. e4 c6 2. Nf3 d5 3. d3 e6 4. Nc3 Nf6 5. e5 Nfd7 6. Bf4 c5 7. g3 h6 8. h4 Nc6
9. Bg2 Be7 10. h5 a6 11. Qd2 b5 12. a4 b4 13. Ne2 Qc7 14. d4 Bb7 15. O-O Rc8 16.
Rfe1 Nb6 17. b3 c4 18. a5 Nd7 19. bxc4 Nxa5 20. c5 Nc6 21. g4 a5 22. Bg3 Ra8 23.
Nf4 Qc8 24. Bf1 Ba6 25. Bxa6 Rxa6 26. Kg2 a4 27. Reb1 O-O 28. Nd3 f5 29. exf6
Nxf6 30. Nde5 Ne4 31. Qd3 b3 32. Nxc6 Qxc6 33. cxb3 a3 34. b4 Qa4 35. b5 Raa8
36. b6 Nxg3 37. Kxg3 Bf6 38. Rb3 a2 39. Rb2 Qc6 40. Rbxa2 Rae8 41. Ra7 e5 42.
dxe5 Rxe5 43. Rc7 Qe6 44. Nd4 Bh4+ 45. Kxh4 Qf6+ 46. Kh3 Qxf2 47. Ra3 Qg1 48.
Nf3 Qh1+ 49. Nh2 Re1 50. b7 Re4 51. Rc8 1-0

[Event "chess.com Junior Speed"]
[Site "chess.com INT"]
[Date "2019.05.16"]
[Round "1.10"]
[White "Tari, Aryan"]
[Black "Van Foreest, Jorden"]
[Result "1-0"]
[WhiteTitle "GM"]
[BlackTitle "GM"]
[WhiteElo "2618"]
[BlackElo "2601"]
[WhiteFideId "1510045"]
[BlackFideId "1039784"]
[EventDate "2019.05.16"]

1. c4 e5 2. Nc3 Nf6 3. Nf3 Nc6 4. e3 Bb4 5. Qc2 Bxc3 6. bxc3 d6 7. e4 O-O 8. g3
a6 9. Nh4 Nd7 10. Bg2 Nc5 11. d3 b5 12. cxb5 axb5 13. O-O b4 14. Be3 bxc3 15.
Qxc3 Ra5 16. Rfd1 Bd7 17. Nf5 Qa8 18. d4 exd4 19. Nxd4 Ra3 20. Qc1 Nxd4 21. Bxd4
Bg4 22. Qg5 Ne6 23. Qxg4 Rxa2 24. Rxa2 Qxa2 25. Be3 Rb8 26. h4 Kh8 27. h5 h6 28.
Qf5 Kg8 29. e5 dxe5 30. Qxe5 Qa4 31. Rc1 Rb5 32. Bc6 Rxe5 33. Bxa4 Rxh5 34. Bd7
Re5 35. Rc6 Kf8 36. Bxe6 Rxe6 37. Rxe6 fxe6 38. Kg2 Kf7 39. Kf3 Kf6 40. Ke4 h5
41. Bd4+ Kf7 42. f4 g6 43. Ke5 Ke7 44. Bc5+ Kf7 45. Ba3 Kg7 46. Kxe6 g5 47. f5
h4 48. f6+ Kh7 49. gxh4 1-0

[Event "chess.com Junior Speed"]
[Site "chess.com INT"]
[Date "2019.05.16"]
[Round "1.11"]
[White "Van Foreest, Jorden"]
[Black "Tari, Aryan"]
[Result "1-0"]
[WhiteTitle "GM"]
[BlackTitle "GM"]
[WhiteElo "2601"]
[BlackElo "2618"]
[WhiteFideId "1039784"]
[BlackFideId "1510045"]
[EventDate "2019.05.16"]

1. e4 c6 2. Nf3 d5 3. d3 dxe4 4. dxe4 Qxd1+ 5. Kxd1 Bg4 6. Nd2 Nd7 7. Be2 e5 8.
h3 Bh5 9. Ne1 Bxe2+ 10. Kxe2 Nc5 11. f3 Ne6 12. c3 Nf4+ 13. Kf1 O-O-O 14. Nb3
Ne6 15. Be3 Kb8 16. Ke2 Nf6 17. Nd3 Bd6 18. Rhd1 Bc7 19. a4 a5 20. Nd2 Nd7 21.
Nc4 g6 22. b4 axb4 23. cxb4 f5 24. b5 fxe4 25. fxe4 Nd4+ 26. Bxd4 exd4 27. bxc6
bxc6 28. Rab1+ Kc8 29. Nb4 Rde8 30. Nxc6 Rxe4+ 31. Kf3 Rf4+ 32. Ke2 Re8+ 33. Kd2
Nc5 34. Rf1 Ne4+ 35. Kc2 Nf2 36. Rbe1 d3+ 37. Kc3 Ref8 38. Ne7+ Kd7 39. Nd5 d2
40. Re7+ Kc6 41. Nb4+ Kb7 42. Nd6+ Ka8 43. Rxc7 d1=Q 44. Rxd1 Nxd1+ 45. Kb3 R4f6
46. Nc6 1-0

[Event "chess.com Junior Speed"]
[Site "chess.com INT"]
[Date "2019.05.16"]
[Round "1.12"]
[White "Tari, Aryan"]
[Black "Van Foreest, Jorden"]
[Result "1/2-1/2"]
[WhiteTitle "GM"]
[BlackTitle "GM"]
[WhiteElo "2618"]
[BlackElo "2601"]
[WhiteFideId "1510045"]
[BlackFideId "1039784"]
[EventDate "2019.05.16"]

1. e4 c5 2. Nf3 d6 3. Bb5+ Bd7 4. c4 Nf6 5. Nc3 g6 6. d4 cxd4 7. Nxd4 Bg7 8. f3
O-O 9. Be3 Bxb5 10. Ndxb5 Nc6 11. Rc1 a6 12. Nd4 Rc8 13. b3 Nxd4 14. Bxd4 Qa5
15. O-O b5 16. cxb5 axb5 17. Qd3 b4 18. Na4 Nd7 19. Be3 Ne5 20. Qd2 Qb5 21. Nb6
Rxc1 22. Rxc1 Nd3 23. Rc4 Ne5 24. Rc2 Bh6 25. Nd5 Bxe3+ 26. Qxe3 e6 27. Nf4 Qa6
28. h4 Rc8 29. Qe2 Qa7+ 30. Kh2 Rxc2 31. Qxc2 Qe3 32. Nh3 h6 33. Qf2 Qc3 34. Nf4
Qc1 35. g3 Kg7 36. Qe2 Qc3 37. Kg2 Nc6 38. Qd3 Qb2+ 39. Qe2 Qc3 40. Qd3 Qb2+ 41.
Qe2 Qc3 1/2-1/2

[Event "chess.com Junior Speed"]
[Site "chess.com INT"]
[Date "2019.05.16"]
[Round "1.13"]
[White "Van Foreest, Jorden"]
[Black "Tari, Aryan"]
[Result "1-0"]
[WhiteTitle "GM"]
[BlackTitle "GM"]
[WhiteElo "2601"]
[BlackElo "2618"]
[WhiteFideId "1039784"]
[BlackFideId "1510045"]
[EventDate "2019.05.16"]

1. e4 e5 2. Nf3 Nc6 3. Bc4 Nf6 4. d3 Bc5 5. c3 a6 6. O-O Ba7 7. Re1 d6 8. Nbd2
O-O 9. Nf1 Na5 10. Bb3 Nxb3 11. axb3 h6 12. h3 c6 13. Ng3 a5 14. d4 Be6 15. c4
exd4 16. Nxd4 Nd7 17. Ngf5 Qf6 18. Be3 Bc5 19. Kh1 Bb4 20. Re2 Rad8 21. Bd2 Nc5
22. Bc3 Bxf5 23. exf5 Rfe8 24. Ne6 Bxc3 25. Nxd8 Rxe2 26. Qxe2 Be5 27. f4 Bxf4
28. Qe8+ Kh7 29. Nxf7 g5 30. Re1 Nd3 31. Re7 Nf2+ 32. Kg1 Nxh3+ 33. Kf1 1-0

[Event "chess.com Junior Speed"]
[Site "chess.com INT"]
[Date "2019.05.16"]
[Round "1.14"]
[White "Tari, Aryan"]
[Black "Van Foreest, Jorden"]
[Result "1/2-1/2"]
[WhiteTitle "GM"]
[BlackTitle "GM"]
[WhiteElo "2618"]
[BlackElo "2601"]
[WhiteFideId "1510045"]
[BlackFideId "1039784"]
[EventDate "2019.05.16"]

1. Nf3 d5 2. d4 Nf6 3. c4 c6 4. e3 g6 5. Nc3 Bg7 6. Be2 O-O 7. O-O dxc4 8. Bxc4
b5 9. Be2 Nbd7 10. b3 Bb7 11. Bb2 a6 12. b4 e6 13. Qb3 Nd5 14. Ne4 a5 15. a3 Qe7
16. Nc5 Nxc5 17. bxc5 Rfd8 18. Rfd1 h6 19. e4 Nf6 20. Qc2 Nd7 21. Rac1 Nf6 22.
h3 Nd7 23. e5 Nf8 24. Nd2 Ba6 25. Ne4 b4 26. axb4 axb4 27. Ra1 Bxe2 28. Qxe2 g5
29. Nd6 Ng6 30. Qe4 Qd7 31. Nc4 Nf4 32. Rxa8 Rxa8 33. Nb6 Qb7 34. Nxa8 Qxa8 35.
Ra1 Qb7 36. g3 Nd5 37. Qd3 Bf8 38. Qa6 Qd7 39. Qa8 Nc3 40. Qb8 Qxd4 41. Bxc3
Qxc3 42. Ra8 Qc1+ 43. Kg2 Qxc5 44. Qd6 Kg7 45. Qxc5 Bxc5 46. Rc8 Bd4 47. Rxc6 b3
48. Rc4 b2 49. Rb4 Bxe5 50. Kf3 f5 51. g4 Kf6 52. Ke2 h5 53. f3 hxg4 54. hxg4
Ke7 55. Rb6 Kd7 56. Kd3 Kc7 57. Rb3 Kc6 58. Kc2 Kd5 59. Rd3+ Bd4 60. Rb3 Ke5 61.
Rb5+ Kf4 62. Rb4 Ke3 63. Rb3+ Ke2 64. gxf5 exf5 65. Rb5 f4 66. Rxg5 Kxf3 67. Rd5
Ke4 68. Rd8 f3 69. Re8+ Be5 70. Rf8 Bf4 71. Re8+ Kf5 72. Rf8+ Ke5 73. Re8+ Kd4
74. Rd8+ Ke4 75. Kxb2 f2 76. Rd1 Kf3 77. Rf1 Ke2 78. Rxf2+ Kxf2 1/2-1/2

[Event "chess.com Junior Speed"]
[Site "chess.com INT"]
[Date "2019.05.16"]
[Round "1.15"]
[White "Van Foreest, Jorden"]
[Black "Tari, Aryan"]
[Result "0-1"]
[WhiteTitle "GM"]
[BlackTitle "GM"]
[WhiteElo "2601"]
[BlackElo "2618"]
[WhiteFideId "1039784"]
[BlackFideId "1510045"]
[EventDate "2019.05.16"]

1. e4 e5 2. Nc3 Nf6 3. g3 Bc5 4. Bg2 c6 5. f4 exf4 6. gxf4 d5 7. e5 Ng4 8. Qf3
Qh4+ 9. Ke2 Nxh2 10. Na4 Bxg1 0-1

[Event "chess.com Junior Speed"]
[Site "chess.com INT"]
[Date "2019.05.16"]
[Round "1.16"]
[White "Tari, Aryan"]
[Black "Van Foreest, Jorden"]
[Result "1-0"]
[WhiteTitle "GM"]
[BlackTitle "GM"]
[WhiteElo "2618"]
[BlackElo "2601"]
[WhiteFideId "1510045"]
[BlackFideId "1039784"]
[EventDate "2019.05.16"]

1. c4 Nf6 2. Nc3 g6 3. g3 Bg7 4. Bg2 O-O 5. d4 c5 6. Nf3 d6 7. dxc5 dxc5 8. Qxd8
Rxd8 9. Ne5 Na6 10. Bd2 Ne8 11. f4 Nd6 12. O-O-O f6 13. Nd3 Be6 14. b3 Rab8 15.
Nd5 Kf7 16. e4 b5 17. cxb5 Nxb5 18. f5 gxf5 19. N3f4 Bxd5 20. exd5 Nd4 21. Rhe1
Nc7 22. Ba5 Rd7 23. Ne6 Bh6+ 24. Kb2 Nxd5 25. Nxc5 Rc8 26. Nxd7 Rc2+ 27. Kb1
Rxg2 28. Rxd4 e6 29. Nc5 Be3 30. Rxd5 exd5 31. Rxe3 Rxh2 32. Nd3 Kg6 33. Bc7 d4
34. Re7 Rd2 35. Nf4+ Kg5 36. Rg7+ Kh6 37. Rg8 Rd1+ 38. Kc2 Re1 39. Bd6 d3+ 40.
Kd2 1-0

[Event "chess.com Junior Speed"]
[Site "chess.com INT"]
[Date "2019.05.16"]
[Round "1.17"]
[White "Van Foreest, Jorden"]
[Black "Tari, Aryan"]
[Result "0-1"]
[WhiteTitle "GM"]
[BlackTitle "GM"]
[WhiteElo "2601"]
[BlackElo "2618"]
[WhiteFideId "1039784"]
[BlackFideId "1510045"]
[EventDate "2019.05.16"]

1. e4 c6 2. Nf3 d5 3. Nc3 dxe4 4. Nxe4 Nf6 5. Qe2 Nxe4 6. Qxe4 Qd5 7. Qf4 Qf5 8.
Qe3 Qe6 9. b3 Qxe3+ 10. fxe3 f6 11. Bb2 e5 12. O-O-O Be6 13. d4 e4 14. Nd2 f5
15. g4 Nd7 16. gxf5 Bxf5 17. Bg2 Nf6 18. Rhf1 Bg6 19. Nc4 Be7 20. Ne5 Bh5 21.
Rd2 O-O 22. Rdf2 Bd6 23. Bh3 Rae8 24. c4 Bxe5 25. dxe5 Ng4 26. Rxf8+ Rxf8 27.
Rg1 Nf2 28. Be6+ Kh8 29. Bc3 Nd3+ 30. Kb1 Nc5 31. Bh3 Re8 32. Rf1 Kg8 33. Bd4
Ne6 34. Bxa7 Bf3 35. Bxe6+ Rxe6 36. Bd4 g5 37. Rg1 g4 38. Kc1 h5 39. Kd2 h4 40.
Ke1 Rg6 41. Kf2 g3+ 42. Kf1 h3 43. e6 Kf8 44. Be5 g2+ 45. Kf2 Rxe6 46. Bd4 Ke8
47. Kg3 Rh6 48. Kf2 Rg6 49. a4 Kd7 50. b4 Kc8 51. b5 Rg5 52. Bf6 Rf5 53. Bd4
Bd1+ 54. Kg3 Rf1 0-1

[Event "chess.com Junior Speed"]
[Site "chess.com INT"]
[Date "2019.05.16"]
[Round "1.18"]
[White "Tari, Aryan"]
[Black "Van Foreest, Jorden"]
[Result "0-1"]
[WhiteTitle "GM"]
[BlackTitle "GM"]
[WhiteElo "2618"]
[BlackElo "2601"]
[WhiteFideId "1510045"]
[BlackFideId "1039784"]
[EventDate "2019.05.16"]

1. c4 c6 2. Nf3 d5 3. d4 Nf6 4. e3 g6 5. Nc3 Bg7 6. Be2 O-O 7. O-O e6 8. a4 b6
9. b3 Nbd7 10. Ba3 Re8 11. Ne5 Bb7 12. f4 c5 13. Bf3 Ne4 14. Nxe4 dxe4 15. Be2
Nxe5 16. fxe5 Qg5 17. Bc1 Rad8 18. Qe1 Qe7 19. Bb2 f5 20. exf6 Bxf6 21. Rd1 Rf8
22. Kh1 Bh4 23. Qc3 Bf6 24. Qc2 Bg7 25. dxc5 bxc5 26. Bc3 Qg5 27. Bxg7 Kxg7 28.
Qc3+ Kg8 29. Rxf8+ Rxf8 30. Rd7 Rf7 31. Rd6 Rf2 32. g3 Rxe2 33. Rd7 e5 34. Rxb7
Qf5 0-1

[Event "chess.com Junior Speed"]
[Site "chess.com INT"]
[Date "2019.05.16"]
[Round "1.19"]
[White "Van Foreest, Jorden"]
[Black "Tari, Aryan"]
[Result "1-0"]
[WhiteTitle "GM"]
[BlackTitle "GM"]
[WhiteElo "2601"]
[BlackElo "2618"]
[WhiteFideId "1039784"]
[BlackFideId "1510045"]
[EventDate "2019.05.16"]

1. e4 c6 2. d4 d5 3. e5 Bf5 4. Nf3 e6 5. Be2 Ne7 6. O-O c5 7. dxc5 Nec6 8. Be3
Nd7 9. c4 dxc4 10. Na3 Bxc5 11. Nxc4 O-O 12. Bxc5 Nxc5 13. Nd6 Bg4 14. Rc1 Qb6
15. Nc4 Qc7 16. Qd6 Qxd6 17. Nxd6 b6 18. b4 Nxb4 19. Rc4 Bxf3 20. Bxf3 Nd5 21.
Rd1 Rad8 22. Bxd5 exd5 23. Rxd5 f6 24. f4 fxe5 25. fxe5 Ne6 26. Rd1 Rf4 27. Rcc1
Rd4 28. Kf2 Rxd1 29. Rxd1 Nc5 30. Ke3 Rf8 31. Rd2 Rf1 32. Kd4 Kf8 33. Kd5 Ke7
34. Nc8+ Kd7 35. Nxa7 Rf4 36. Nc6 Ne6 37. Nb8+ Ke7 38. Nc6+ Kd7 39. Nd4 Nc7+ 40.
Kc4 Re4 41. Kc3 Rxe5 42. Nf5+ Nd5+ 43. Kc4 b5+ 44. Kc5 Ke6 45. Nxg7+ Kf6 46.
Rxd5 Re2 47. Nh5+ 1-0

[Event "chess.com Junior Speed"]
[Site "chess.com INT"]
[Date "2019.05.16"]
[Round "1.20"]
[White "Tari, Aryan"]
[Black "Van Foreest, Jorden"]
[Result "1/2-1/2"]
[WhiteTitle "GM"]
[BlackTitle "GM"]
[WhiteElo "2618"]
[BlackElo "2601"]
[WhiteFideId "1510045"]
[BlackFideId "1039784"]
[EventDate "2019.05.16"]

1. Nf3 Nf6 2. c4 c6 3. d4 d5 4. e3 Bg4 5. Nbd2 e6 6. h3 Bh5 7. Be2 Nbd7 8. O-O
Bd6 9. b3 O-O 10. Bb2 a5 11. Ne5 Bxe2 12. Qxe2 a4 13. f4 Qe7 14. Nd3 Ba3 15.
Bxa3 Qxa3 16. b4 Ne4 17. Nb1 Nc3 18. Qc2 Nxb1 19. Raxb1 dxc4 20. Qxc4 Nb6 21.
Qc2 Nd5 22. Qd2 Rfd8 23. Rfc1 Nf6 24. Nf2 Nd5 25. Nd1 Rac8 26. e4 Nf6 27. Nf2
Qg3 28. Rc3 Qg6 29. Re1 Qh6 30. Rf3 e5 31. g4 Rxd4 32. Qe3 Rcd8 33. g5 Qg6 34.
f5 Qh5 35. gxf6 gxf6 36. Ng4 Kh8 37. Nxf6 Qh4 38. Ng4 Rd3 39. Qf2 Qg5 40. Rxd3
Rxd3 41. Kh2 h5 42. Ne3 h4 43. Re2 a3 44. Qf3 Kg7 45. Qg4 Kf6 46. Qxg5+ Kxg5 47.
Ng4 Kf4 48. Nf6 Rd1 49. Rg2 Rb1 50. Ne8 Rb2 51. Nd6 Kf3 52. Rxb2 axb2 53. Nc4
b1=N 54. Nxe5+ Kxe4 55. Nxf7 Kxf5 56. Nd6+ Kf4 57. Nxb7 Nc3 58. a3 Ke5 59. Nc5
Kd5 60. Nd3 Kc4 61. Ne5+ Kb5 62. Nf3 Nb1 63. Nxh4 Nxa3 64. Nf5 Kxb4 65. h4 Nc4
66. h5 Ne5 67. h6 Ng4+ 68. Kg3 Nxh6 69. Nxh6 c5 70. Nf5 c4 71. Ne3 c3 72. Nd5+
Kc4 73. Nxc3 1/2-1/2

[Event "chess.com Junior Speed"]
[Site "chess.com INT"]
[Date "2019.05.16"]
[Round "1.21"]
[White "Van Foreest, Jorden"]
[Black "Tari, Aryan"]
[Result "0-1"]
[WhiteTitle "GM"]
[BlackTitle "GM"]
[WhiteElo "2601"]
[BlackElo "2618"]
[WhiteFideId "1039784"]
[BlackFideId "1510045"]
[EventDate "2019.05.16"]

1. e4 c6 2. Nf3 d5 3. d3 g6 4. e5 Bg4 5. Nbd2 c5 6. h3 Bf5 7. d4 cxd4 8. Nxd4
Nc6 9. Bb5 Bd7 10. e6 fxe6 11. Bxc6 bxc6 12. N2b3 Bg7 13. O-O e5 14. Nf3 e4 15.
Ne1 e5 16. f3 Nf6 17. fxe4 Nxe4 18. Nd3 Qe7 19. Be3 d4 20. Qf3 Bf5 21. g4 dxe3
22. gxf5 gxf5 23. Qxf5 Ng3 24. Qg4 Nxf1 25. Rxf1 Rg8 26. Nbc5 e4 27. Nxe4 e2 28.
Nf6+ Kd8 29. Qd4+ Kc8 30. Qg4+ Kb7 31. Nxg8 exf1=Q+ 32. Kxf1 Rxg8 33. Kg2 Rf8
34. b4 Rf6 35. Nc5+ Kc7 36. Qg3+ Rd6 37. Qf4 Be5 38. Qg4 Rg6 39. Na6+ Kb6 40.
Nc5 Rxg4+ 41. hxg4 Bd6 42. Nd3 Bxb4 43. c4 Qe4+ 44. Kf2 Qxd3 45. g5 Qxc4 46. g6
Qxa2+ 47. Kg3 Qg8 48. Kg4 Qxg6+ 49. Kf4 a5 50. Ke3 a4 51. Kd4 a3 52. Kc4 a2 53.
Kb3 a1=Q 54. Kc4 Qc3# 0-1